I disney/pixar characters - Statistics

General Stats
  • This quiz has been taken 23 times
  • The average score is 3 of 8
Answer Stats
Hint Answer % Correct
Aladdin Iago
92%
Onward Ian Lightfoot
42%
The Adventures of Ichabod and Mr Toad Ichabod Crane
42%
Coco Imelda
33%
Encanto Isabela
33%
Lightyear Izzy
33%
Peter Pan Indian Chief
25%
Frozen Iduna
17%
No matching quizzes found
Score Distribution
Percent of People with Each Score
Percentile by Number Answered
Your Score History
You have not taken this quiz